Planificar per a aconseguir resultats : un procés de transformació de la biblioteca pública / Ethel Himmel, William James Wilson ; traducció: Josep Tarragona i Castells ; [revisat pel Col·legi Oficial de Bibliotecaris-Documentalistes de Catalunya] un procés de transformació de la biblioteca pública / Ethel Himmel, William James Wilson ; traducció:
ISBN:
84-7935-856-4
Publicado:
Lleida :
Pagès Editors; Barcelona : Diputació de Barcelona. Àrea de Cultura. Servei de Biblioteques ,
2001
Descripción Física:
296 p. : taules ; 24 cm
Colección:
Materials per a la biblioteca pública ; 3
MARC
| LEADER | 00000nam a2200000Ia 4500 | ||
|---|---|---|---|
| 001 | 19661 | ||
| 008 | 160829s2001 xx 000 0 cat d | ||
| 020 | |a 84-7935-856-4 | ||
| 080 | |a A-2-306 | ||
| 100 | |a Himmel, Ethel |9 24630 | ||
| 245 | |a Planificar per a aconseguir resultats : |b un procés de transformació de la biblioteca pública / Ethel Himmel, William James Wilson ; traducció: |b Josep Tarragona i Castells ; [revisat pel Col·legi Oficial de Bibliotecaris-Documentalistes de Catalunya] | ||
| 260 | |a Lleida : |b Pagès Editors; Barcelona : |b Diputació de Barcelona. Àrea de Cultura. Servei de Biblioteques, |c 2001 | ||
| 300 | |a 296 p. : |b taules ; |c 24 cm | ||
| 490 | |a Materials per a la biblioteca pública ; 3 | ||
| 590 | |a Títol original: Planning for results. A public library transformation process. | ||
| 590 | |a Inclou apèndix amb formularis | ||
| 650 | |a Biblioteques públiques |x Administració |9 44744 | ||
| 650 | |a Biblioteques públiques |x Planificació |9 24631 | ||
| 700 | |a Wilson, William James |9 24632 | ||
| 700 | |a Tarragona i Castells, Josep, tr. |9 44746 | ||
| 710 | 1 | |a Col·legi Oficial de Bibliotecaris-Documentalistes de Catalunya |9 52740 | |
| 901 | |a Arxiu | ||
| 942 | |n 1 | ||
| 952 | |0 0 |1 0 |4 0 |6 A2306 |7 1 |9 52152 |a Arxiu |b Arxiu |d 2016-12-01 |l 0 |o A-2-306 |p 19661 |r 2016-12-01 00:00:00 |w 2016-12-01 |y ARXIU | ||
| 999 | |c 56000 |d 56000 | ||